<?xml version="1.0" encoding="UTF-8"?>
<marc:record xmlns:marc="http://www.loc.gov/MARC21/slim">
   <marc:leader>00000nam a2200000 a 4500</marc:leader>
   <marc:datafield ind1="1" ind2=" " tag="100">
      <marc:subfield code="a">Ishiguro, Kazuo</marc:subfield>
      <marc:subfield code="4">aut</marc:subfield>
      <marc:subfield code="e">Verfasser/-in</marc:subfield>
   </marc:datafield>
   <marc:datafield ind1="1" ind2=" " tag="100">
      <marc:subfield code="a">Heidenreich, Gert</marc:subfield>
   </marc:datafield>
   <marc:datafield ind1="0" ind2="0" tag="245">
      <marc:subfield code="a">Was vom Tage übrig blieb</marc:subfield>
   </marc:datafield>
   <marc:datafield ind1="0" ind2="0" tag="245">
      <marc:subfield code="c">Kazuo Ishiguro ; Aus dem Englischen von Hermann Stiehl ; Regie: Alexandra Rakosi</marc:subfield>
   </marc:datafield>
   <marc:datafield ind1=" " ind2="1" tag="264">
      <marc:subfield code="a">München</marc:subfield>
      <marc:subfield code="b">Random House Audio</marc:subfield>
      <marc:subfield code="c">2017</marc:subfield>
   </marc:datafield>
   <marc:datafield ind1="1" ind2=" " tag="520">
      <marc:subfield code="a">Seit Jahrzehnten dient Stevens als Butler auf Darlington Hall. Er sorgt für einen tadellosen Haushalt und ist die Verschwiegenheit in Person: Er hat sein Leben voll und ganz in den Dienst seines Herrn gestellt, niemals würde er auch nur ein Wort über die merkwürdigen Vorgänge im Herrenhaus verlieren. Jetzt bricht er zum ersten Mal aus seiner gewohnten Welt aus, um seine ehemalige Kollegin, Miss Kenton, in Cornwall zu besuchen. Die Fahrt wird für Stevens zu einer Reise in die Vergangenheit und schließlich zu einer Reise zu sich selbst. (Verlagstext)</marc:subfield>
   </marc:datafield>
   <marc:datafield ind1=" " ind2=" " tag="020">
      <marc:subfield code="a">9783837142419</marc:subfield>
      <marc:subfield code="9">9783837142419</marc:subfield>
   </marc:datafield>
   <marc:datafield ind1=" " ind2=" " tag="020">
      <marc:subfield code="a">3837142418</marc:subfield>
      <marc:subfield code="9">3837142418</marc:subfield>
   </marc:datafield>
   <marc:datafield ind1="0" ind2=" " tag="490">
      <marc:subfield code="v">0</marc:subfield>
   </marc:datafield>
   <marc:datafield ind1=" " ind2=" " tag="300">
      <marc:subfield code="a">8 CDs (ca. 8 Std. 51 Min.) ; Ungekürzte Lesung</marc:subfield>
   </marc:datafield>
</marc:record>
